THE 100 - expert - Statistiques

Statistiques générales
  • Ce quiz a été pris 13 fois
  • Le résultat moyen est 5 sur 15
Statistiques - réponses
Hint Réponse % Correct
Combien de stations spatiales composent l’Arche ? 12
91%
Quel est le nom du système d’intelligence artificielle créé par Becca ? A.L.I.E.
73%
Quelle est la capitale des Grounders ? Polis
64%
Quel est le nom du clan de Lexa ? Trikru
64%
Quel est le titre officiel de Lexa parmi les Grounders ? Heda
55%
Comment s’appelle la version améliorée de cette IA ? A.L.I.E. 2.0
45%
Quel est le nom de la station spatiale principale avant la formation de l’Arche ? Polaris
36%
Quel est le nom complet du père de Clarke ? Jake Griffin
18%
Quel est le nom du langage des Grounders ? Trigedasleng
9%
Qui est le fondateur du Mont Weather ? Dante Wallace
0%
Quel est le nom du vaisseau prisonnier arrivé sur Terre après Praimfaya ? Eligius 4
0%
Quelle loi régit la peine de mort sur l’Arche pour les adultes ? Floating
0%
Quel est le nom du vaisseau utilisé par les 100 pour descendre sur Terre ? Navette Exodus
0%
Comment s’appelle le programme qui permet aux habitants du Mont Weather de survivre aux radiations ? Projet Cerberus
0%
Quel est le nom de la toxine qui provoque des hallucinations sur cette planète ? Toxine de Soleil Rouge
0%
Aucun quiz correspondant
Distribution des résultats
% des personnes avec chaque résultat
Percentile par nombre de réponses
Votre historique - résultats
Vous n’avez pas pris ce quiz